| 000 | 00684nam a22001817a 4500 | ||
|---|---|---|---|
| 005 | 20251108172251.0 | ||
| 008 | 250721s1999 xx 000 0 ara d | ||
| 082 | 1 | 4 | _a327.1/ندو |
| 100 | 1 |
_aعبد المعطي، عبد الباسط _eمحرر |
|
| 111 | 2 | _aندوة العولمة و التحولات المجتمعية في الوطن العربي ( 1999 : القاهرة ) | |
| 245 | 1 | 0 | _aالعولمة و التحولات المجتمعية في الوطن العربي / |
| 264 | 1 |
_aالقاهرة : _bمكتبة مدبولي، _c1999. |
|
| 300 | _a392ص. | ||
| 650 | 1 | 7 | _aالعولمة |
| 650 | 1 | 7 | _aالبلدان العربية |
| 942 |
_2ddc _cBK |
||
| 999 |
_c74660 _d74660 |
||